00991nam a2200229 a 450000100100000000500170001000800410002704000250006808200150009324500440010826000690015230000210022149000730024249000310031550000420034683000770038883000380046504900090050395201130051295201190062599900170074400002680520250924073802.0110325s1986 dr 000 0 spa d aDO-SdBNPbspacBNPHU axxxbP953e00aPrimer estatuto de la universidad 1754. aSanto Domingo :bUniversidad Autónoma de Santo Domingo,c1986. a340 p. ;c22 cm.1 aPublicaciones de la Universidad Autónoma de Santo Domingovvo. 5511 aArchivo Históricovno. 2 aIncluye notas al pie de las páginas aPublicaciones de la Universidad Autónoma de Santo Domingovvo. 551952 0aArchivo Históriconno. 2953917 aBNPD 0010718PDaPDbPDcCTd2011-03-25iLF1l0oxxx P953ep26805-10r2020-06-25w2020-06-25yLFPDZNo se presta 0010718PDaPDbPDcCTd2011-04-06iLF1l0oxxx P953ep26805-20r2020-06-25te. 2w2020-06-25yLFPDZNo se presta c26297d26297